[Event "BCF-chT 99/00 (4NCL)"]
[Site "Birmingham"]
[Date "1999.10.10"]
[Round "2"]
[White "Buckley, Graeme"]
[Black "Kelly, Bryan"]
[Result "1/2-1/2"]
[WhiteElo "2320"]
[BlackElo "2417"]

1.d4 d5 2.c4 e6 3.Nf3 Nf6 4.Nc3 c6 5.e3 Nbd7 6.Qc2 Bd6 7.Be2 O-O 8.O-O Re8
9.Rd1 Qe7 10.h3 b6 11.e4 dxe4 12.Nxe4 Nxe4 13.Qxe4 Bb7 14.Bg5 Nf6 15.Qh4 h6
16.Bf4 c5 17.Bxd6 Qxd6 18.dxc5 Qxc5 19.Qd4 Qxd4 20.Nxd4 Red8 21.Bf3 Bxf3
22.Nxf3 Rac8 23.Ne5 g5 24.b4 Ne4 25.Rxd8+ Rxd8 26.f3 Nc3 27.Kf2 Rd2+ 28.Ke3 Rxg2
29.a4 a5 30.bxa5 bxa5 31.Nc6 Rb2 32.Kd4 Ne2+ 33.Kc5 e5 34.Nxe5 Rb3 35.Kd6 f6
36.Nc6 Rxf3 37.Nxa5 Rd3+ 38.Ke6 Kg7 39.Nc6 Nf4+ 40.Kf5 Rd6 41.Nb4 Rd4 42.Re1 Ng6
43.Ke6 Rxc4 44.Rb1 Nf4+ 45.Kd6 Rc3 46.Ra1 Rb3 47.Nc6 Rxh3 48.a5 Rd3+ 49.Kc5 Ne6+
50.Kc4 Rd6 51.Kb5 Rd2 52.Nb4 h5 53.Rc1 Rd8 54.Nc6 Nd4+ 55.Nxd4 Rxd4 56.a6 g4
57.a7 Rd8 58.Kb6 Ra8 59.Kb7 Rxa7+ 60.Kxa7 h4 61.Rh1 h3 62.Kb6 Kg6 63.Kc5 Kg5
64.Kd4 f5 65.Ke3 f4+ 66.Ke4 f3 67.Ke3 Kh5 68.Rxh3+  1/2-1/2

[Event "Bundesliga 9900"]
[Site "Germany"]
[Date "1999.10.10"]
[Round "2"]
[White "Hellsten, Johan"]
[Black "Borik, Otto"]
[Result "1-0"]
[WhiteElo "2464"]
[BlackElo "2416"]

1.d4 d5 2.Nf3 c6 3.c4 Nf6 4.Nc3 e6 5.e3 Nbd7 6.Qc2 Bd6 7.g4 Bb4 8.Bd2 O-O
9.Bd3 g6 10.g5 dxc4 11.Bxc4 Nd5 12.h4 Re8 13.h5 Bf8 14.hxg6 hxg6 15.Qe4 Bg7
16.Qh4 Nb4 17.Qh7+ Kf8 18.O-O-O Nb6 19.Ne4 a5 20.Bxb4+ axb4 21.Ne5 Qe7 22.Ng4 Nxc4
23.Ngf6 Qd8 24.Nxe8 Qxe8 25.Nf6 Qd8 26.Qg8+ Ke7 27.Qxg7 Rxa2 28.Ng8+ Qxg8
29.Qf6+ Kd7 30.Kc2 Qf8 31.Rh8 Rxb2+ 32.Kd3 Rb3+ 33.Ke2 Rb2+ 34.Kd3 Rb3+ 35.Ke2 Rb2+
36.Kf3 Qe7 37.Qxe7+ Kxe7 38.Rxc8 Nd6 39.Rb8 b3 40.e4 Kd7 41.e5 Kc7 42.Rf8 Nb5
43.Rxf7+ Kb6 44.Rd3 Rb1 45.Kg2 b2 46.Rb3 Ka5 47.d5 Nd4 48.Rxb2 Rxb2 49.d6 c5
50.Rf6 c4 51.d7 Nc6 52.Rxe6 Rd2 53.Rxc6 Rxd7 54.Rxc4 b5 55.Rc6 Rg7 56.Kf3 b4
57.Ke4 b3 58.Rc1 Re7 59.f4 Kb4 60.Kd5 Rd7+ 61.Ke6 Rd4 62.f5 gxf5 63.g6 Rc4
64.Rg1 f4 65.g7 Rc8 66.g8=Q Rxg8 67.Rxg8 f3 68.Rg1  1-0

[Event "Bundesliga 9900"]
[Site "Germany"]
[Date "1999.10.10"]
[Round "2"]
[White "Jackelen, Thomas"]
[Black "Hector, Jonny"]
[Result "1/2-1/2"]
[WhiteElo "2368"]
[BlackElo "2505"]

1.Nf3 d5 2.c4 c6 3.e3 Nf6 4.Nc3 e6 5.d4 Nbd7 6.Qc2 Bd6 7.Bd3 e5 8.cxd5 cxd5
9.Nb5 Bb4+ 10.Bd2 Bxd2+ 11.Nxd2 O-O 12.Rc1 e4 13.Be2 a6 14.Nc7 Ra7 15.Qb3 b5
16.Nxd5 Nxd5 17.Qxd5 Qa5 18.a3 Nf6 19.Qc5 Rd7 20.b4 Qd8 21.O-O Re8 22.Qg5 h6
23.Qh4 Rd5 24.Rc2 Rg5 25.Rfc1 Bb7 26.Kh1 Nd5 27.g3 Qf6 28.Kg1 Qe6 29.Bf1 f5
30.Qh3 Qf7 31.Kh1 f4 32.gxf4 Nxf4 33.exf4 e3+ 34.Nf3 Qxf4 35.Bg2 e2 36.Re1 Rf8
37.Rc3 Rxg2 38.Kxg2 Qd2 39.Qe6+ Kh8 40.Qe7 Rxf3 41.Rxf3 Qxe1 42.Qf8+  1/2-1/2

[Event "Tatry op"]
[Site "Tatranska Lomnica"]
[Date "1999.10.10"]
[Round "9"]
[White "Belunek, Vladimir"]
[Black "Volodin, Viktor"]
[Result "1/2-1/2"]
[WhiteElo "2233"]
[BlackElo "2296"]

1.d4 d5 2.c4 e6 3.Nc3 c6 4.e3 Nf6 5.Nf3 Nbd7 6.Qc2 Bd6 7.Be2 O-O 8.O-O Qe7
9.e4 dxe4 10.Nxe4 Nxe4 11.Qxe4 e5 12.dxe5 Nxe5 13.Nxe5 Qxe5 14.Qxe5 Bxe5
15.a4 Bf5 16.Ra3 Rfe8 17.Bd3 Bxd3 18.Rxd3 Rad8 19.Rxd8 Rxd8 20.Re1 f6 21.f4 Bd4+
22.Kf1 Bc5 23.Ke2 Kf7 24.Rd1 Re8+ 25.Kf3 Re7 26.f5 h5 27.Bf4 g5 28.fxg6+ Kxg6
29.b3 Kf5 30.g3 Bb4 31.Be3 a6 32.Rd8 Rh7 33.h3 Bc3 34.Bf2 Be5 35.Rd3 Ke6
36.Rd8 Ke7 37.Rd3 Rf7 38.Bc5+ Ke6 39.Bf2 Bc7 40.Re3+ Kf5 41.Rd3 Kg6 42.Be3 Kf5
43.Bf2 Rh7 44.Rd4 Rg7 45.Rd3 Rf7 46.Be3 Be5 47.Bf2 Ke6 48.Rd8 Rh7 49.Rd3 f5
50.Rd1 Kf6 51.Rd3 Kg6 52.Rd8 Kf6 53.Rd3 Rg7 54.Re3 Ke6 55.Rd3 Bf6 56.Re3+ Be5
57.Rd3 Bc7 58.Re3+ Be5  1/2-1/2

[Event "Asia-chT"]
[Site "Shenyang"]
[Date "1999.10.11"]
[Round "2"]
[White "Dao Thien Hai"]
[Black "Wu Wenjin"]
[Result "1-0"]
[WhiteElo "2543"]
[BlackElo "2435"]

1.d4 d5 2.c4 c6 3.Nf3 e6 4.Nc3 Nf6 5.e3 Nbd7 6.Qc2 Bd6 7.Be2 O-O 8.b3 Qe7
9.O-O Re8 10.Rd1 dxc4 11.bxc4 e5 12.a4 e4 13.Nd2 Nf8 14.Nf1 Bf5 15.Qb3 Rab8
16.Ba3 Red8 17.Bxd6 Rxd6 18.Qa3 Qe6 19.Ng3 Bg6 20.Bf1 Rbd8 21.Rdb1 R6d7 22.a5 Qg4
23.Rb2 Qh4 24.Be2 Ng4 25.Bxg4 Qxg4 26.Rab1 h5 27.h3 Qe6 28.Qc5 h4 29.Nge2 Qf6
30.Rxb7 Ne6 31.Qxa7 Rxb7 32.Rxb7 Bf5 33.Rb8 Qg5 34.Rxd8+ Qxd8 35.Qb6 Kf8
36.Kh2  1-0

[Event "Asia-chT"]
[Site "Shenyang"]
[Date "1999.10.11"]
[Round "3"]
[White "Wahono, Awam"]
[Black "Hoang Thanh Son"]
[Result "1-0"]
[WhiteElo "2390"]
[BlackElo "2325"]

1.d4 d5 2.Nf3 c6 3.e3 Nf6 4.c4 e6 5.Nc3 Nbd7 6.Bd3 Be7 7.O-O O-O 8.e4 dxe4
9.Nxe4 Nxe4 10.Bxe4 Nf6 11.Bc2 c5 12.Qe2 cxd4 13.Rd1 Bc5 14.Bf4 Qe7 15.Nxd4 Rd8
16.Nb3 Bd6 17.Bg5 h6 18.Bh4 g5 19.Bg3 Bxg3 20.fxg3 Rxd1+ 21.Rxd1 Bd7 22.h3 Bc6
23.Kh2 Rd8 24.Rf1 e5 25.Qf2 Kg7 26.Qxa7 Nh5 27.Qf2 Nf6 28.Qe3 Ba4 29.Rf5 Bxb3
30.axb3 e4 31.Qc3 Rd6 32.c5 Re6 33.b4 Kg6 34.Rf2 Re5 35.Qd4 Kg7 36.Re2 e3
37.Bd3 Kg8 38.b3 Nd7 39.Bc4 Nf6 40.b5 Qxc5 41.Qxc5 Rxc5 42.Rxe3 Rc7 43.b6 Rc6
44.Re7 Rxb6 45.Rxf7 Kh8 46.Re7 Rb4 47.g4 b6 48.Kg1 b5 49.Rb7 Ne4 50.Rxb5 Rxb5
51.Bxb5 Kg7 52.Bc6 Nd6 53.Kf2 Kf6 54.Ke3 Ke5 55.Kd3 Nf7 56.Kc4 Kd6 57.Bf3 Ne5+
58.Kb5 Nd3 59.b4  1-0

[Event "Asia-chT"]
[Site "Shenyang"]
[Date "1999.10.11"]
[Round "3"]
[White "Tovsanaa, Nyamaa"]
[Black "Spiller, Paul"]
[Result "1-0"]
[WhiteElo "2347"]
[BlackElo "2200"]

1.d4 Nf6 2.Nf3 d5 3.c4 c6 4.e3 e6 5.Nc3 Nbd7 6.Bd3 Bd6 7.O-O O-O 8.e4 dxe4
9.Nxe4 Nxe4 10.Bxe4 f5 11.Bc2 e5 12.Bg5 Be7 13.Bxe7 Qxe7 14.Nxe5 Nxe5 15.Re1 Qb4
16.Rxe5 Bd7 17.Bb3 Kh8 18.a3 Qb6 19.Re7 Rad8 20.c5 Qa5 21.h3 Rfe8 22.Qe2 h6
23.Bf7 Rf8 24.Qe5  1-0

[Event "EU-ch U20"]
[Site "Patras"]
[Date "1999.10.12"]
[Round "7"]
[White "Streikus, Simonas"]
[Black "Molander, Riku"]
[Result "0-1"]
[WhiteElo "2267"]
[BlackElo "2234"]

1.d4 d5 2.c4 c6 3.Nf3 Nf6 4.Nc3 e6 5.e3 Bd6 6.Qc2 Nbd7 7.Bd2 O-O 8.O-O-O b5
9.cxb5 c5 10.Rg1 a6 11.b6 Bb7 12.Bd3 Rc8 13.Kb1 Nxb6 14.g4 cxd4 15.exd4 Ne4
16.Bxe4 dxe4 17.Ng5 Nc4 18.Bc1 Bb4 19.Rg3 Qa5 20.Qb3 e3 21.Ne2 Nd2+ 22.Bxd2 exd2
23.a3 Qxg5 24.Qxb4 Be4+ 25.Ka1 Rc1+ 26.Nxc1 dxc1=Q+ 27.Rxc1 Qxc1+ 28.Ka2 Bb1+  0-1

[Event "Asia-chT"]
[Site "Shenyang"]
[Date "1999.10.12"]
[Round "4"]
[White "Toh, Terry"]
[Black "Prasad, Devaki V"]
[Result "0-1"]
[WhiteElo "2408"]
[BlackElo "2432"]

1.Nf3 Nf6 2.c4 c6 3.d4 d5 4.Nc3 e6 5.e3 Nbd7 6.Qc2 Bd6 7.Be2 O-O 8.O-O a6
9.e4 Nxe4 10.Nxe4 dxe4 11.Qxe4 c5 12.Rd1 cxd4 13.Nxd4 Qe7 14.b3 Nf6 15.Qc2 Bd7
16.Bf3 Rab8 17.Bg5 Rfd8 18.Rab1 Be8 19.Qe2 Qc7 20.g3 Be5 21.Be3 h6 22.Bg2 Rbc8
23.a4 b6 24.Rd3 Bxd4 25.Bxd4 Nd7 26.a5 bxa5 27.Rbd1 a4 28.bxa4 Qxc4 29.Qe3 Nc5
30.Bxc5 Rxd3 31.Qxd3 Qxd3 32.Rxd3 Rxc5 33.Rd8 Kf8 34.Bf1 Ke7 35.Rb8 Rc1 36.Rb7+ Kf6
37.Rb4 a5 38.Rf4+ Ke5 39.f3 f5 40.Rh4 Bc6 41.Kf2 Bxf3 42.Bb5 Be4 43.Ke3 Rc3+
44.Kd2 Ra3 45.Kc1 Ra2 46.Bd7 Rc2+ 47.Kd1 Rc4 48.Ke2 Bd5 49.Rh5 Rb4 50.Ke3 Bb3  0-1

[Event "Asia-chT"]
[Site "Shenyang"]
[Date "1999.10.13"]
[Round "5"]
[White "Tovsanaa, Nyamaa"]
[Black "Ghorbani, Mohsen"]
[Result "1-0"]
[WhiteElo "2347"]
[BlackElo "2379"]

1.d4 d5 2.Nf3 Nf6 3.c4 e6 4.Nc3 c6 5.e3 Nbd7 6.Bd3 dxc4 7.Bxc4 b5 8.Bd3 Bb7
9.e4 b4 10.Na4 c5 11.e5 Nd5 12.O-O cxd4 13.Re1 a6 14.Nxd4 g6 15.Qg4 Qa5 16.b3 Ne7
17.Bf4 Rd8 18.Rac1 Bg7 19.Bc4 Bd5 20.Bxd5 Qxd5 21.Red1 Nxe5 22.Qe2 Nd3 23.Rxd3 Bxd4
24.Be3 Nf5 25.Rc5 Qe4 26.Rc4 Qe5 27.Qd2 Bxe3 28.Rxd8+ Ke7 29.Rd7+ Kf6 30.fxe3 Nxe3
31.Rc5 Qa1+ 32.Rc1 Qe5 33.Re1  1-0

[Event "BUL-GRE (Women)"]
[Site "Corfu"]
[Date "1999.10.14"]
[Round "3"]
[White "Genova, Ruzka"]
[Black "Makropoulou, Marina"]
[Result "1/2-1/2"]
[WhiteElo "2240"]
[BlackElo "2276"]

1.d4 d5 2.c4 e6 3.Nf3 c6 4.e3 Nf6 5.Nc3 Nbd7 6.Qc2 Bd6 7.Bd3 dxc4 8.Bxc4 O-O
9.O-O Qe7 10.Bd2 a6 11.e4 e5 12.h3 exd4 13.Nxd4 Ne5 14.Be2 c5 15.Nb3 Nc6
16.Be3 b5 17.Rad1 c4 18.Nd4 Nxd4 19.Bxd4 Bb7 20.Bf3 Be5 21.Nd5 Qe6 22.Bxe5 Qxe5
23.Nxf6+ Qxf6 24.e5 Qe7 25.Bxb7 Qxb7 26.Rd6 Rfe8 27.Qf5 g6 28.Qf6 Qe7 29.Qxe7 Rxe7
30.f4 Rc7 31.Kf2 c3 32.bxc3 Rxc3 33.Rfd1 Rc2+ 34.R1d2 Rxd2+ 35.Rxd2 Rc8 36.Ke3 Kf8
37.Rd6 Rc3+ 38.Ke4 Rc4+ 39.Ke3 Ra4 40.Rd2 Ke7 41.g4 Ra3+ 42.Ke4 Rxh3 43.f5 gxf5+
44.gxf5 Rh4+ 45.Kd5 f6 46.Rg2 fxe5 47.Kxe5 Kf7 48.Rd2 Ra4 49.Rd7+ Ke8 50.Rxh7 Rxa2
51.Ra7 a5 52.Ke6 Re2+ 53.Kd6 a4 54.f6 Re3 55.Rb7 Rd3+ 56.Ke6 Re3+ 57.Kd6 a3
58.Rxb5 Kf7 59.Ra5 Kxf6 60.Ra8  1/2-1/2

[Event "Wichern op 5th"]
[Site "Hamburg"]
[Date "1999.10.15"]
[Round "1"]
[White "Szudra, Heinz Werner"]
[Black "Aliev, Kerim"]
[Result "0-1"]
[WhiteElo "1956"]
[BlackElo "2362"]

1.Nf3 d5 2.d4 Nf6 3.e3 c6 4.c4 e6 5.Nc3 Nbd7 6.Bd3 Bd6 7.cxd5 exd5 8.O-O O-O
9.Qc2 Re8 10.Bd2 Nf8 11.Bf5 Ne4 12.Bxc8 Rxc8 13.Ne2 Ng6 14.g3 Qd7 15.Nf4 Qg4
16.Kg2 Bxf4 17.exf4 Nxd2 18.Qxd2 Re2 19.Qc1 Rce8 20.h3 Qf5 21.Qb1 Qc2 22.Qxc2 Rxc2
23.Rfe1 Re4 24.Ng5 Ree2 25.Rxe2 Rxe2 26.Rb1 f6 27.Nf3 Kf7 28.a3 Ne7 29.g4 Nc8
30.Kf1 Rc2 31.Ne1 Rd2 32.Nf3 Rd3 33.Ke2 Rb3 34.g5 Nd6 35.h4 Nc4 36.h5 Rxf3
37.g6+ hxg6 38.hxg6+ Kxg6 39.b3 Nxa3  0-1

[Event "ARM-ch"]
[Site "Yerevan"]
[Date "1999.10.16"]
[Round "1"]
[White "Yegiazarian, Arsen"]
[Black "Asrian, Karen"]
[Result "1/2-1/2"]
[WhiteElo "2504"]
[BlackElo "2575"]

1.d4 d5 2.c4 e6 3.Nc3 c6 4.Nf3 Nf6 5.e3 Nbd7 6.Bd3 dxc4 7.Bxc4 b5 8.Bd3 Bb7
9.e4 b4 10.Na4 c5 11.e5 Nd5 12.O-O cxd4 13.Re1 g6 14.Bg5 Qa5 15.Nxd4 a6 16.Rc1 Bg7
17.Nc6 Bxc6 18.Rxc6 O-O 19.Bc4 h6 20.Bxd5 Qxd5 21.Qxd5 exd5 22.Bf6 Bxf6 23.exf6 Rfe8
24.Kf1 Rxe1+ 25.Kxe1 Re8+ 26.Kd2 Re6 27.Rc8+ Kh7 28.Rc7 Ne5 29.f4 Nc4+ 30.Kd3 Rxf6
31.g3 g5 32.b3 gxf4 33.gxf4 Na3 34.Nc5 Nb5 35.Rb7 Rxf4 36.Nxa6 Rf3+ 37.Ke2 Nd4+
38.Ke1 Nc2+ 39.Ke2 Rf4 40.Kd3 Rf2 41.Rc7 Ne1+ 42.Ke3 Rxa2 43.Nxb4 Rxh2 44.Rxf7+ Kg6
45.Rd7 Rb2 46.Rxd5 h5 47.Nd3 Rxb3 48.Ke4 Nxd3 49.Rxd3 Rxd3  1/2-1/2

[Event "Wichern op 5th"]
[Site "Hamburg"]
[Date "1999.10.17"]
[Round "4"]
[White "Weischede, Thomas"]
[Black "Michailow, Sergej"]
[Result "0-1"]
[WhiteElo "2270"]
[BlackElo "2065"]

1.d4 Nf6 2.Nf3 d5 3.c4 e6 4.Nc3 c6 5.e3 Be7 6.Bd3 O-O 7.O-O dxc4 8.Bxc4 c5
9.Qe2 a6 10.a4 b6 11.Rd1 Qc7 12.d5 exd5 13.Nxd5 Nxd5 14.Bxd5 Bb7 15.e4 Nc6
16.Be3 Bf6 17.Rac1 Rfe8 18.Qd2 Qe7 19.Qc2 Nb4 20.Qb3 a5 21.Bd2 Bxd5 22.exd5 Qe4
23.Rc4 Qf5 24.Rf4 c4 25.Qxc4 Qxd5 26.Re1 Rxe1+ 27.Bxe1 Qxc4 28.Rxc4 Nd3 29.Bc3 Nxb2
30.Bxb2 Bxb2 31.Rc6 b5 32.Rc2 Bf6 33.axb5 Rb8 34.b6 g6 35.Rc6 Bd8 36.g3 Bxb6
37.Ne5 Bd4 38.Nc4 a4 39.Ra6 Rb1+ 40.Kg2 Rb4 41.Nd6 Kf8 42.Ne4 Ke7 43.h4 Kd7
44.Kf3 Kc7  0-1

[Event "Marshall Furity op"]
[Site "New York"]
[Date "1999.10.17"]
[Round "5"]
[White "Lapshun, Yurij"]
[Black "Ippolito, Dean"]
[Result "1/2-1/2"]
[WhiteElo "2507"]
[BlackElo "2351"]

1.d4 d5 2.c4 c6 3.Nc3 Nf6 4.Nf3 e6 5.e3 Nbd7 6.Qc2 Bd6 7.Bd2 O-O 8.Bd3 e5
9.cxd5 cxd5 10.Nb5 Bb8 11.dxe5 Nxe5 12.Nxe5 Bxe5 13.Bc3 Bxc3+ 14.Qxc3 Ne4
15.Qd4 a6 16.Bxe4 dxe4 17.Nd6 Bd7 18.O-O Bc6 19.Rfd1 Qe7 20.Rd2 f5 21.Rad1 f4
22.exf4 Rxf4 23.Re1 Raf8 24.f3 exf3 25.Qf2 Qg5 26.g3 R4f6 27.Ne4 Bxe4 28.Rxe4 Rc6
29.Re1 h6 30.Qd4 Qf5 31.Re7 Rf7 32.Qd8+ Rf8 33.Qd4 Rcf6 34.Qd5+ Qxd5 35.Rxd5 Rc8
36.Rd1 b5 37.Red7 Re6 38.Rd8+ Rxd8 39.Rxd8+ Kf7 40.Rd2 g5 41.h3 h5 42.g4 hxg4
43.hxg4 Re4 44.Kf2 Rxg4 45.Rd7+ Kg6 46.Rd6+ Kf7 47.Kxf3 Rf4+ 48.Kg3 Rf6 49.Rd5 Kg6
50.a4 bxa4 51.Ra5 Rb6 52.Rxa4 Kf5 53.Ra5+ Ke4 54.Ra3 Kd5 55.Kg4 Kc4 56.Kxg5 Kb4
57.Kf4 a5 58.Ke3 Rd6 59.Ke2 a4 60.Rc3 Rd4 61.Rh3 Rd7 62.Rc3 Ka5 63.Rd3 Rb7
64.Rd2 Kb4 65.Kd1 Rc7  1/2-1/2

[Event "Asia-chT"]
[Site "Shenyang"]
[Date "1999.10.17"]
[Round "9"]
[White "Sashikiran, Krishnan"]
[Black "Liu Dede"]
[Result "1-0"]
[WhiteElo "2536"]
[BlackElo "2388"]

1.d4 d5 2.c4 c6 3.Nc3 Nf6 4.e3 e6 5.Nf3 Nbd7 6.Bd3 dxc4 7.Bxc4 b5 8.Bd3 Bb7
9.e4 b4 10.Na4 Qa5 11.e5 Nd5 12.O-O Rc8 13.Ng5 h6 14.Ne4 c5 15.Naxc5 Nxc5
16.dxc5 Bxc5 17.Qg4 g6 18.Bd2 Qb6 19.a4 a5 20.Rac1 Kf8 21.Bc4 Be7 22.Bxd5 Rxc1
23.Rxc1 Bxd5 24.Be3 Qd8 25.Nd6 Qd7 26.h4 Kg7 27.Qf4 Bd8 28.Rc8 g5 29.Rxd8 gxf4
30.Rxd7 fxe3 31.Rxf7+ Kg6 32.fxe3 Bb3 33.Kh2 Rd8 34.Ra7 Kh5 35.Rxa5 Kxh4
36.Rb5 Bd1 37.Rxb4+ Kh5 38.Rd4 Bb3 39.Rb4 Bc2 40.a5 Ra8 41.Rc4 Bb3 42.Rc3 Rb8
43.a6 Ba4 44.e4  1-0

[Event "Wichern op 5th"]
[Site "Hamburg"]
[Date "1999.10.18"]
[Round "5"]
[White "Grote, Dirk"]
[Black "Aliev, Kerim"]
[Result "0-1"]
[WhiteElo "2191"]
[BlackElo "2362"]

1.d4 d5 2.c4 c6 3.e3 Nf6 4.Nf3 e6 5.Nc3 Nbd7 6.Qc2 Bd6 7.Bd3 O-O 8.O-O Qe7
9.e4 dxc4 10.Bxc4 e5 11.dxe5 Nxe5 12.Be2 Re8 13.Re1 Nfg4 14.h3 Nxf3+ 15.Bxf3 Ne5
16.Be2 Ng6 17.Bf1 Qf6 18.Qd3 Be5 19.Bd2 Be6 20.Rad1 Rad8 21.Qe2 b5 22.a3 Bb3
23.Rc1 Bc4  0-1

[Event "Wichern op 5th"]
[Site "Hamburg"]
[Date "1999.10.18"]
[Round "5"]
[White "Buck, Lars"]
[Black "Schneider, Klaus Peter"]
[Result "1-0"]
[WhiteElo "2145"]
[BlackElo "1949"]

1.d4 d5 2.c4 c6 3.Nc3 Nf6 4.Nf3 e6 5.e3 Nbd7 6.Qc2 Bd6 7.g4 Bb4 8.Bd2 Bxc3
9.Bxc3 b6 10.cxd5 exd5 11.Bd3 h6 12.O-O-O c5 13.g5 hxg5 14.Nxg5 c4 15.Bg6 O-O
16.Bh7+ Kh8 17.Bb4 a5 18.Bxf8 Qxf8 19.Rhg1 c3 20.bxc3 g6 21.Bxg6 fxg6 22.Qxg6  1-0

[Event "EU-ch U20"]
[Site "Patras"]
[Date "1999.10.18"]
[Round "13"]
[White "Halkias, Stelios"]
[Black "Lopez Martinez, Jose Manuel"]
[Result "1/2-1/2"]
[WhiteElo "2406"]
[BlackElo "2378"]

1.d4 d5 2.c4 c6 3.Nf3 Nf6 4.Nc3 e6 5.e3 Nbd7 6.Qc2 Bd6 7.Bd3 O-O 8.O-O dxc4
9.Bxc4 a6 10.a3 b5 11.Bd3 Bb7 12.b4 a5 13.Rb1 axb4 14.axb4 h6 15.e4 e5 16.h3 Re8
17.Ne2 Rc8 18.dxe5 Bxe5 19.Be3  1/2-1/2

[Event "Qingdao Daily Cup"]
[Site "Qingdao"]
[Date "1999.10.18"]
[Round "1"]
[White "Liang Shuai"]
[Black "Nazarov, Anvar"]
[Result "1/2-1/2"]
[WhiteElo "2411"]
[BlackElo "2493"]

1.d4 d5 2.c4 e6 3.Nf3 Nf6 4.Nc3 c6 5.e3 Nbd7 6.Bd3 Bd6 7.O-O O-O 8.Qc2 Qe7
9.Re1 dxc4 10.Bxc4 e5 11.Bd3 Re8 12.Ne4 Nxe4 13.Bxe4 Nf6 14.dxe5 Bxe5 15.Bf5 Bxf5
16.Qxf5 Rad8 17.e4 h6 18.Qxe5 Qxe5 19.Nxe5 Rxe5 20.f3 Rb5 21.Rb1 a5 22.Kf2 a4
23.Be3 Kf8 24.Ke2 Ke7 25.Rec1 Nd7 26.Rc4 Ra8 27.f4 c5 28.Kf3 h5 29.Rc2 b6
30.Rd1 Ra7 31.h3 Nb8 32.Rd5 g6 33.f5 Rd7 34.Re2 Nc6 35.Kg3 Rb4 36.Bg5+ Ke8
37.Bf6 Nd4 38.Bxd4 Rxd4 39.fxg6 fxg6 40.Re5+ Kf7 41.Rf2+  1/2-1/2

[Event "Aars get2net Cup IM"]
[Site "Aars"]
[Date "1999.10.20"]
[Round "5"]
[White "Hedman, Erik"]
[Black "Hellegaard, Carsten"]
[Result "1/2-1/2"]
[WhiteElo "2348"]
[BlackElo "2267"]

1.d4 d5 2.c4 c6 3.Nc3 Nf6 4.e3 e6 5.Nf3 Nbd7 6.Bd3 dxc4 7.Bxc4 b5 8.Be2 Bb7
9.O-O a6 10.e4 c5 11.e5 Nd5 12.a4 b4 13.Ne4 h6 14.Nfd2 Be7 15.Nc4 O-O 16.Ncd6 Bxd6
17.Nxd6 Bc6 18.a5 Qb8 19.Bc4 cxd4 20.Qxd4 Qa7 21.Be3 Qxd4 22.Bxd4 Nf4 23.f3 Bd5
24.Bxd5 Nxd5 25.f4 f6 26.exf6 N7xf6 27.Rae1 Ne8 28.Rxe6 Nxf4 29.Re7 Rd8 30.Nxe8 Rxd4
31.Rxg7+ Kh8 32.Re7 Rd2 33.Nc7 Rxg2+ 34.Kh1 Rfg8 35.Re8 Nd3 36.Rxg8+ Rxg8
37.Nxa6 Ra8 38.Rf6 Kg7 39.Rb6 Nxb2 40.Rb7+ Kg8 41.Rxb4 Rxa6  1/2-1/2

[Event "Aars get2net Cup IM"]
[Site "Aars"]
[Date "1999.10.20"]
[Round "5"]
[White "Bekker Jensen, David"]
[Black "Yagupov, Igor"]
[Result "0-1"]
[WhiteElo "2264"]
[BlackElo "2449"]

1.d4 d5 2.c4 c6 3.Nc3 Nf6 4.e3 e6 5.Nf3 Nbd7 6.Qc2 Bd6 7.Bd3 O-O 8.O-O dxc4
9.Bxc4 a6 10.a4 c5 11.Rd1 Qc7 12.Ne4 Nxe4 13.Qxe4 Nf6 14.Qh4 cxd4 15.Bd3 Qa5
16.Nxd4 Bd7 17.b4 Bxb4 18.Nb3 Qh5 19.Qxh5 Nxh5 20.Bxa6 bxa6 21.Rxd7 Nf6 22.Rd1 Rfc8
23.Bd2 Rab8 24.Bxb4 Rxb4 25.Nc5 a5 26.Rab1 Rc4 27.Nb3 Rxa4 28.Ra1 Rb4 29.Nxa5 g5
30.Rac1 Ra8 31.Nc6 Rb2 32.Rb1 Rc2 33.Nd4 Rca2 34.h3 Ne4 35.Rb5 h6 36.Rf1 Nd2
37.Rc1 Ra1 38.Rc5 e5 39.Nf5 Nb3  0-1

[Event "Wichern op 5th"]
[Site "Hamburg"]
[Date "1999.10.21"]
[Round "8"]
[White "Conrad, Christian"]
[Black "Koepcke, Hans Peter"]
[Result "1-0"]
[WhiteElo "2209"]
[BlackElo "2081"]

1.d4 Nf6 2.Nf3 d5 3.c4 e6 4.Nc3 c6 5.e3 b6 6.Qc2 Ba6 7.b3 Bd6 8.Bd3 Nbd7
9.Bb2 Rc8 10.O-O h6 11.Rad1 O-O 12.e4 dxe4 13.Nxe4 Nxe4 14.Bxe4 Nf6 15.Bd3 Qe7
16.Rfe1 Rfd8 17.a3 Bb8 18.Qe2 Qd6 19.Ne5 Qc7 20.g3 Bb7 21.Ng4 Nxg4 22.Qxg4 Re8
23.d5 f5 24.Qg6 cxd5 25.Bxf5 exf5 26.Rxe8+ Rxe8 27.Qxe8+ Kh7 28.Re1  1-0

[Event "Cannes m1"]
[Site "Cannes"]
[Date "1999.10.22"]
[Round "7"]
[White "Tkachiev, Vladislav"]
[Black "David, Alberto"]
[Result "1-0"]
[WhiteElo "2648"]
[BlackElo "2544"]

1.d4 d5 2.c4 c6 3.Nc3 Nf6 4.e3 e6 5.Nf3 Nbd7 6.Bd3 dxc4 7.Bxc4 b5 8.Bd3 a6
9.e4 c5 10.e5 cxd4 11.Nxb5 axb5 12.exf6 gxf6 13.O-O Qb6 14.Qe2 b4 15.Rd1 Bc5
16.Bf4 Bb7 17.Be4 Ba6 18.Qd2 Rd8 19.Rac1 h5 20.Nxd4 Nb8 21.Rxc5 Qxc5 22.Bxb8  1-0

[Event "Wichern op 5th"]
[Site "Hamburg"]
[Date "1999.10.22"]
[Round "9"]
[White "De Andres Gonalons, Fernando"]
[Black "Michailow, Sergej"]
[Result "1-0"]
[WhiteElo "2214"]
[BlackElo "2065"]

1.d4 Nf6 2.c4 e6 3.Nf3 d5 4.Nc3 c6 5.e3 Be7 6.Bd3 dxc4 7.Bxc4 O-O 8.O-O c5
9.dxc5 Bxc5 10.Qe2 a6 11.e4 b5 12.Bd3 Ng4 13.h3 Nxf2 14.Rxf2 Bxf2+ 15.Kxf2 b4
16.Na4 e5 17.Be3 f5 18.Kg1 Bb7 19.Bc4+ Kh8 20.Nc5 fxe4 21.Ng5 Qe7 22.Nxh7 Rf5
23.Be6 Rf3 24.gxf3 Kxh7 25.Bf5+ g6 26.Bxe4  1-0

[Event "Aars get2net Cup IM"]
[Site "Aars"]
[Date "1999.10.23"]
[Round "8"]
[White "Christensen, Bent"]
[Black "Yagupov, Igor"]
[Result "0-1"]
[WhiteElo "2113"]
[BlackElo "2449"]

1.d4 d5 2.c4 c6 3.Nf3 Nf6 4.Nc3 e6 5.e3 Nbd7 6.Qc2 Bd6 7.Be2 O-O 8.O-O dxc4
9.Bxc4 a6 10.b3 c5 11.dxc5 Nxc5 12.Bb2 b5 13.Be2 Bb7 14.Rac1 Rc8 15.a3 Qe7
16.Ba1 Nce4 17.b4 Nxc3 18.Bxc3 Ne4 19.Qb2 Nxc3 20.Rxc3 Rxc3 21.Qxc3 Rc8 22.Qb2 Qc7
23.g3 Qc2 24.Rb1 Qxb2 25.Rxb2 Rc1+ 26.Kg2 Kf8 27.Kh3 Ra1 28.Rb3 Ra2 29.Nd4 Bd5
30.Rc3 Be5 31.Bf3 Bxf3 32.Rc8+ Ke7 33.Nxf3 Bd6 34.Rc3 Rxf2 35.Nd4 h5 36.Rc2 Rxc2
37.Nxc2 Be5 38.Kg2 Kd6 39.e4 Bb2 40.Kf3 Ke5  0-1

[Event "ARM-ch"]
[Site "Yerevan"]
[Date "1999.10.23"]
[Round "8"]
[White "Lputian, Smbat G"]
[Black "Asrian, Karen"]
[Result "1/2-1/2"]
[WhiteElo "2625"]
[BlackElo "2575"]

1.d4 d5 2.c4 e6 3.Nc3 c6 4.e3 Nf6 5.Nf3 Nbd7 6.Qc2 Bd6 7.Bd3 O-O 8.O-O dxc4
9.Bxc4 b5 10.Be2 Bb7 11.Rd1 Qb8 12.b3 a6 13.Ne4 Nxe4 14.Qxe4 c5 15.Qh4 Qd8
16.dxc5 Nxc5 17.Qd4 Ne4 18.Bb2 f6 19.a4 Bc5 20.Qxd8 Rfxd8 21.Nd4 Bd5 22.Bf3 bxa4
23.Rxa4 e5  1/2-1/2

[Event "Wch U16"]
[Site "Oropesa del Mar"]
[Date "1999.10.28"]
[Round "5"]
[White "Szeberenyi, Adam"]
[Black "Prasca Sosa, Raphael"]
[Result "1-0"]
[WhiteElo "2357"]
[BlackElo "2213"]

1.d4 d5 2.c4 e6 3.Nc3 c6 4.e3 Nf6 5.Nf3 Nbd7 6.Qc2 Bd6 7.Bd3 O-O 8.O-O dxc4
9.Bxc4 b5 10.Bd3 Bb7 11.e4 e5 12.dxe5 Nxe5 13.Nxe5 Bxe5 14.h3 a6 15.Be3 Re8
16.Ne2 Bxb2 17.Rad1 Ba3 18.Bxb5 Qe7 19.Bd3 Nxe4 20.Qb3 Nf6 21.Nd4 Rad8 22.Bc4 Nd5
23.Rd3 Bb4 24.Nf5 Qd7 25.Nxg7 Kxg7 26.Bxd5 cxd5 27.Qxb4 Re4 28.Bd4+ f6 29.Rfd1 Qb5
30.Qd2 h6  1-0

[Event "Wch U18"]
[Site "Oropesa del Mar"]
[Date "1999.10.31"]
[Round "7"]
[White "Handke, Florian"]
[Black "Kanep, Meelis"]
[Result "1-0"]
[WhiteElo "2361"]
[BlackElo "2191"]

1.d4 d5 2.c4 c6 3.Nc3 Nf6 4.e3 e6 5.Nf3 Nbd7 6.Bd3 Bd6 7.O-O O-O 8.e4 dxe4
9.Nxe4 Nxe4 10.Bxe4 f5 11.Bc2 c5 12.Re1 Qf6 13.Bg5 Qg6 14.Qd2 cxd4 15.Bf4 e5
16.Nxe5 Nxe5 17.Bxe5 Bxe5 18.Rxe5 Bd7 19.Qxd4 Bc6 20.g3 Qh5 21.Qf4 g5 22.Rxf5 h6
23.Qc7 Rae8 24.Re5 Rf7 25.Rxe8+ Bxe8 26.Qc8 Qe2 27.Bf5 Rf6 28.Rf1 Qe7 29.Bh3 Kg7
30.Bg2 b6 31.Qb7 Qxb7 32.Bxb7 Rd6 33.Bd5 b5 34.b3 Ra6 35.Re1 Bh5 36.cxb5 Rxa2
37.Kg2 g4 38.Re6 Bg6 39.Ra6 Rd2 40.Rxa7+  1-0

[Event "Extraliga CZE"]
[Site "Ostrava CZE"]
[Date "1999.11.01"]
[Round "2"]
[White "Suran,J"]
[Black "Sosna,J"]
[Result "1/2-1/2"]
[WhiteElo "2338"]
[BlackElo "2374"]

1.d4 d5 2.c4 e6 3.Nc3 c6 4.e3 Nf6 5.Nf3 Nbd7 6.Bd3 Bb4 7.Bd2 O-O 8.O-O Qe7
9.Qc2 dxc4 10.Bxc4 e5 11.Bb3 b6 12.Rfe1 Bb7 13.a3 Bd6 14.Ng5 c5 15.Nge4 Rac8
16.Nxd6 Qxd6 17.dxc5 Nxc5 18.Red1 Nfe4 19.Bc4 Qf6 20.Be1 h5 21.Bf1 h4 22.h3 Nxc3
23.Qxc3 Ne4 24.Qd3 Ng5 25.Rac1 Rcd8 26.Qe2 Nf3+ 27.gxf3 Bxf3 28.Qc2 e4 29.Rxd8 Qg5+  1/2-1/2

[Event "Wch U16"]
[Site "Oropesa del Mar"]
[Date "1999.11.02"]
[Round "9"]
[White "Szymanski, Marcin"]
[Black "Erenburg, Sergey"]
[Result "1-0"]
[WhiteElo "2327"]
[BlackElo "2352"]

1.d4 d5 2.c4 c6 3.e3 Nf6 4.Nc3 e6 5.Nf3 Nbd7 6.Bd3 dxc4 7.Bxc4 b5 8.Bd3 a6
9.a4 b4 10.Ne4 c5 11.O-O Bb7 12.Ned2 Be7 13.Qe2 cxd4 14.exd4 O-O 15.a5 Qc7
16.Re1 Nd5 17.Nc4 Nf4 18.Bxf4 Qxf4 19.Qe3 Bd6 20.Qxf4 Bxf4 21.Nfe5 Rad8 22.Bf1 Nb8
23.Rad1 Nc6 24.Nxc6 Bxc6 25.Ne5 Bb7 26.Nd3 Bc7 27.Nc5 Bc8 28.Nb3 Bb7 29.Ra1 Rd5
30.Nc5 Bc8 31.Re4 Rfd8 32.Nb3 Bb7 33.g3 R5d6 34.Bg2  1-0